LEADER 02497nam a2200469 i 4500 001 991002947099707536 008 160719s2014 sz a b 100 0 eng d 020 $a9783319048697 (pbk.) 020 $a3319048694 (pbk.) 035 $ab14258547-39ule_inst 040 $aBibl. Dip.le Aggr. Matematica e Fisica - Sez. Matematica$beng 082 04$a516.35$223 084 $aAMS 14-06 084 $aLC QA3.L28 245 00$aCombinatorial algebraic geometry :$bLevico Terme, Italy 2013 /$cAldo Conca ... [et al.] ; edited by Sandra Di Rocco, Bernd Sturmfels ; in collaboration with CIRM, Centro internazionale per la ricerca matematica 260 $aCham [Switzerland] :$bSpringer,$c[2014] 300 $avii, 239 p. :$bill. (some col.) ;$c24 cm 440 0$aLecture notes in mathematics,$x0075-8434 ;$v2108.$aCIME foundation subseries 500 $aBased on lectures delivered at the CIME-CIRM Summer School held in Levico Terme, Italy, June 10-15, 2013 504 $aIncludes bibliographical references 505 0 $aKoszul algebras and their syzygies / Aldo Conca ; Noetherianity up to symmetry / Jan Draisma ; Likelihood geometry / June Huh and Bernd Sturmfels ; Linear toric fibrations / Sandra di Rocco ; A tour on Hermitian symmetric manifolds / Filippo Viviani 650 0$aGeometry, Algebraic$vCongresses 650 0$aCombinatorial geometry$vCongresses 650 0$aCombinatorial analysis$vCongresses 650 0$aKoszul algebras 650 0$aToric varieties 650 0$aHermitian symmetric spaces 700 1 $aDi Rocco, Sandra,$d1967-$eeditor 700 1 $aSturmfels, Bernd,$d1962-$eeditor,$eauthor$054580 700 12$aConca, Aldo,$d1965-$tKoszul algebras and their syzygies$eauthor$4http://id.loc.gov/vocabulary/relators/aut 700 12$aDraisma, Jan,$d1975-$tNoetherianity up to symmetry 700 12$aHuh, June.$tLikelihood geometry 700 12$aDi Rocco, Sandra,$d1967-$tLinear toric fibrations 700 12$aViviani, Filippo.$tTour on Hermitian symmetric manifolds 710 2 $aCentro internazionale per la ricerca matematica 711 2 $aC.I.M.E. Summer School$d<2013 ;$cLevico Terme, Italy> 907 $a.b14258547$b11-11-16$c19-07-16 912 $a991002947099707536 945 $aLE013 14-XX DIR11 (2014)$g1$i2013000293509$lle013$op$pE46.79$q-$rl$s- $t0$u1$v0$w1$x0$y.i15787060$z11-11-16 996 $aCombinatorial algebraic geometry$91465269 997 $aUNISALENTO 998 $ale013$b19-07-16$cm$da $e-$feng$gsz $h0$i0 LEADER 01501nam0 2200361 i 450 001 CFI0260011 005 20251003044137.0 010 $a8821706796 020 $aIT$b94-1942 100 $a20130827d1993 ||||0itac50 ba 101 | $aita 102 $ait 181 1$6z01$ai $bxxxe 182 1$6z01$an 200 1 $aFormulario del giudice di pace$eprocedimento civile$fLuigi Bonavolontā 210 $a[Milano!$cIPSOA$d[1993! 215 $a354 p.$d24 cm 300 $aSegue: Appendice legislativa. 606 $aDiritto processuale civile$xFormulari$2FIR$3CFIC038134$9I 676 $a347$9DIRITTO PROCESSUALE CIVILE E TRIBUNALI CIVILI$v21 676 $a347.45050269$9PROCEDURA CIVILE. ITALIA. Tribunali e procedura$v20 700 1$aBonavolontā$b, Luigi Matteo$3CFIV077248$4070$0268702 790 1$aBonavolontā$b, Luigi$3CFIV196379$zBonavolontā, Luigi Matteo 801 3$aIT$bIT-000000$c20130827 850 $aIT-BN0095 $aIT-NA0079 $aIT-NA0070 901 $bNAP BN$cS.MOD $nLa consegna dei documenti č effettuata dall'Ufficio Distribuzione 901 $bNAP 01$cGUERRAZZI $n$ 901 $bNAP BU$cCONS. $nConsultazione. 912 $aCFI0260011 950 0$aBiblioteca Centralizzata di Ateneo$b1 v.$c1 v.$d 01GUERRAZZI B 1271$e 0101 0000101155 VMA 1 v.$fY $h20080623$i20080623 977 $a 01$a BN$a BU 996 $aFormulario del giudice di pace$963323 997 $aUNISANNIO